KVANTITATÍVNE UKAZOVATELE VÝSKYTU OSLABENÝCH VYSOKOŠKOLÁKOV V ČSSR A ICH ZARADENIE DO TELESNEJ VÝCHOVY OSLABENÝCH

Bibliographic Details
Main Authors: Gályová, Iveta (Author), Veselá, Oľga (Author)
Format: Article
Language:Slovak

MARC

LEADER 00000nab a2200000uu 4500
001 vtls010901698
003 SK-MaSNL
005 20260303141808.0
008 230222|1983 xo |||||||||||||||||slo|
015 |a SNBRB 
035 |a (urnnbn)urn:nbn:sk:snk:ar-a07n9p 
035 |a (uuid)322feb24-f509-4da0-a5f1-ce6391c975d2 
035 |a urn:nbn:sk:snk-ab8t4q 
040 |a SNKBUCL  |b slo  |c SNKBUCL  |e AACR2 
041 0 |a slo 
044 |a xo  |c SK 
100 1 |a Gályová, Iveta  |4 aut  |9 298226 
245 1 0 |a KVANTITATÍVNE UKAZOVATELE VÝSKYTU OSLABENÝCH VYSOKOŠKOLÁKOV V ČSSR A ICH ZARADENIE DO TELESNEJ VÝCHOVY OSLABENÝCH  |c Iveta Gályová, Oľga Veselá 
700 1 |a Veselá, Oľga  |4 aut  |9 378477 
773 0 |t Acta Facultatis Educationis Physicae Universitatis Comenianae  |g Roč. 24, č. 24 (1983), s. 255-268 
954 |a odborná, vedecká literatúra pôvodná (slovenská)  |2 lita 
958 |a OND 
958 |a EUIPO 
958 |a article10 
999 |c 1978792  |d 1980722